Central Library OPAC University of Rajshahi

The individual and his society : (Record no. 33176)

MARC details
000 -LEADER
fixed length control field 01175cam a2200325 a 4500
001 - CONTROL NUMBER
control field 33176
003 - CONTROL NUMBER IDENTIFIER
rucl marc code BD-RjUL
005 - DATE AND TIME OF LATEST TRANSACTION
control field 20211209051948.0
008 - FIXED-LENGTH DATA ELEMENTS--GENERAL INFORMATION
fixed length control field 140430s19611939nyua 001 0 eng d
035 ## - SYSTEM CONTROL NUMBER
System control number (BD-RjUL)33267
040 ## - CATALOGING SOURCE
Original cataloging agency DLC
Transcribing agency WSU
Modifying agency m.c
-- OCL
-- SER
-- BD-RjUL
Language of cataloging eng
041 ## - LANGUAGE CODE
Language code of text/sound track or separate title eng
082 ## - DEWEY DECIMAL CLASSIFICATION NUMBER
Classification number 136.4
Author mark and year KAI 1961
Classification number [159.9224]
100 1# - MAIN ENTRY--PERSONAL NAME
Personal name Kardiner, Abram
Dates associated with a name 1891-1981
9 (RLIN) 37182
245 14 - TITLE STATEMENT
Title The individual and his society :
Remainder of title the psychodynamics of primitive social organization /
Statement of responsibility, etc. by Abram Kardiner ; with a foreword and two ethnological reports by Ralph Linton
260 ## - PUBLICATION, DISTRIBUTION, ETC. (IMPRINT)
Place of publication, distribution, etc. New York :
Name of publisher, distributor, etc. Columbia University Press,
Date of publication, distribution, etc. 1939 [Printing 1961].
300 ## - PHYSICAL DESCRIPTION
Pagination xxvi, 503 p. ;
Size 24 cm
504 ## - BIBLIOGRAPHY, ETC. NOTE
Bibliography, etc Includes bibliographical references and index.
650 #0 - SUBJECT ADDED ENTRY--TOPICAL TERM
Topical term or geographic name as entry element Ethnopsychology
9 (RLIN) 100769
Topical term or geographic name as entry element Primitive societies
9 (RLIN) 34457
Topical term or geographic name as entry element Social psychology
9 (RLIN) 100770
Topical term or geographic name as entry element Ethnology
Geographic subdivision French Polynesia
-- Marquesas Islands
9 (RLIN) 100771
Topical term or geographic name as entry element Ethnology
Geographic subdivision Madagascar
9 (RLIN) 100772
Topical term or geographic name as entry element Tanala (Malagasy people)
9 (RLIN) 100773
700 1# - ADDED ENTRY--PERSONAL NAME
Personal name Linton, Ralph,
Dates associated with a name 1893-1953.
942 ## - ADDED ENTRY ELEMENTS (KOHA)
Source of classification or shelving scheme Dewey Decimal Classification
Koha item type Books
Holdings
Lost status Source of classification or shelving scheme Damaged status Not for loan Collection code Permanent Location Current Location Shelving location Date acquired Source of acquisition Cost, normal purchase price Total Checkouts Full call number Date last seen Copy number Koha item type
  Dewey Decimal Classification     Non-fiction Central Library, University of Rajshahi Central Library, University of Rajshahi   28/09/1965 Zeit 48.00   136.4 KAI 1961 30/04/2014 C-2 Books
  Dewey Decimal Classification     Non-fiction Central Library, University of Rajshahi Central Library, University of Rajshahi   22/02/1958 Md. Ashraf 33.00   136.4 KAI 1961 30/04/2014 C-3 Books